LEADER 02618nam 2200445 450 001 996320154803316 005 20221207022934.0 024 7 $a10.15460/HUP.HURNF.18.131 035 $a(CKB)3790000000064229 035 $a(OAPEN)1002400 035 $a(NjHacI)993790000000064229 035 $a(EXLCZ)993790000000064229 100 $a20221207d2012 uy 0 101 0 $ager 135 $auuuuu---auuuu 181 $ctxt$2rdacontent 182 $cc$2rdamedia 183 $acr$2rdacarrier 200 00$a100 Jahre Hauptgeba?ude der Universita?t Hamburg. Reden der Festveranstaltung am 13. Mai 2011 und anla?sslich der Benennung der Ho?rsa?le H und K im Hauptgeba?ude der Universita?t nach dem Sozialo?konomen Eduard Heimann (1889-1967) und dem Juristen Albre /$fedited by Rainer Nicolaysen [and five others] 210 1$aHamburg :$cHamburg University Press,$d2012. 215 $a1 online resource (82 pages) $cillustrations 311 $a3-937816-98-4 330 $aOn the occasion of the 100th anniversary of the University of Hamburg's main building, a ceremony was held on May 13th, 2011. The keynote speaker was Heinz-Elmar Tenorth, Professor of Historical Education in Berlin. Heinz Rieter and Rainer Nicolaysen awarded two lecture hall names, the socio-economic economist Eduard Heimann (1889-1967)(Lecture Hall H) and the lawyer Albrecht Mendelssohn Bartholdy (1874-1936) (Lecture Hall K). Thus, the programme for naming the seven lecture halls of the University's main building after outstanding scientists who were expelled from the Nazi regime came to an end.Detailed information on all names of the lecture hall can be found in the anthology The main building of the University of Hamburg as a place of remembrance, which was published on the occasion of the anniversary. 606 $aAnniversaries 606 $aHistory$2bicssc 615 0$aAnniversaries. 615 7$aHistory. 676 $a394.2 702 $aTenorth$b Heinz-Elmar 702 $aStapelfeldt$b Dorothee 702 $aRieter$b Heinz 702 $aPetersen$b Till 702 $aLenzen$b Dieter 702 $aNicolaysen$b Rainer 801 0$bNjHacI 801 1$bNjHacl 906 $aBOOK 912 $a996320154803316 996 $a100 Jahre Hauptgebäude der Universität Hamburg. Reden der Festveranstaltung am 13. Mai 2011 und anlässlich der Benennung der Hörsäle H und K im Hauptgebäude der Universität nach dem Sozialökonomen Eduard Heimann (1889-1967) und dem Juristen Albre$92195276 997 $aUNISA LEADER 01388nam0 22003131i 450 001 UON00089041 005 20250314120727.93 010 $a08-7661-072-6 100 $a20020107d1975 |0itac50 ba 101 $aeng 102 $aUS 105 $a|||| ||||| 200 1 $aArchaic Corinthian pottery and the Anaploga well$fby D.A. Amyx and Patricia Lawrence 210 $aPrinceton$cThe American School of Classical Studies at Athens$d1975 215 $a xvi, 177 p.$cill., 112 p. di tav.$d32 cm 410 1$1001UON00087259$12001 $aCorinth$eresults of excavations conducted by the American School of Classical Studies at Athens$v7,2 606 $aCORINTO$xAntichita'$3UONC026202$2FI 606 $aVasi Greci$xCorinto$3UONC026203$2FI 620 $aUS$dPrinceton$3UONL000074 676 $a738.2$cPorcellana$v21 700 1$aAMYX$bDarrell Arlynn$3UONV056156$0487844 701 1$aLAWRENCE$bPatricia$3UONV056157$0594521 712 $aAmerican School of Classical Studies at Athens$3UONV056153$4650 801 $aIT$bSOL$c20250530$gRICA 899 $aSIBA - SISTEMA BIBLIOTECARIO DI ATENEO$2UONSI 912 $aUON00089041 950 $aSIBA - SISTEMA BIBLIOTECARIO DI ATENEO$dSI N 1 COR. 001 07/2 $eSI MC 15974 7 07/2 996 $aArchaic Corinthian pottery and the Anaploga well$9995524 997 $aUNIOR LEADER 03781nam 22005895 450 001 9910483080903321 005 20250610110536.0 010 $a9783030520632 010 $a3030520633 024 7 $a10.1007/978-3-030-52063-2 035 $a(CKB)4100000011558707 035 $a(DE-He213)978-3-030-52063-2 035 $a(MiAaPQ)EBC6523226 035 $a(Au-PeEL)EBL6523226 035 $a(OCoLC)1225562834 035 $a(PPN)252509706 035 $a(MiAaPQ)EBC31886911 035 $a(Au-PeEL)EBL31886911 035 $a(MiAaPQ)EBC6383598 035 $a(MiAaPQ)EBC29090655 035 $a(EXLCZ)994100000011558707 100 $a20201102d2020 u| 0 101 0 $aeng 135 $aurnn|008mamaa 181 $ctxt$2rdacontent 182 $cc$2rdamedia 183 $acr$2rdacarrier 200 10$aLinear Model Theory $eWith Examples and Exercises /$fby Dale L. Zimmerman 205 $a1st ed. 2020. 210 1$aCham :$cSpringer International Publishing :$cImprint: Springer,$d2020. 215 $a1 online resource (XXI, 504 p. 14 illus.) 311 08$a9783030520625 311 08$a3030520625 327 $aPreface -- 1 A Brief Introduction -- 2 Selected Matrix Algebra Topics and Results -- 3 Generalized Inverses and Solutions to Systems of Linear Equations -- 4 Moments of a Random Vector and of Linear and Quadratic Forms in a Random Vector -- 5 Types of Linear Models -- 6 Estimability -- 7 Least Squares Estimation for the Gauss-Markov Model -- 8 Least Squares Geometry and the Overall ANOVA -- 9 Least Squares Estimation and ANOVA for Partitioned Models -- 10 Constrained Least Squares Estimation and ANOVA -- 11 Best Linear Unbiased Estimation for the Aitken Model -- 12 Model Misspecification -- 13 Best Linear Unbiased Prediction -- 14 Distribution Theory -- 15 Inference for Estimable and Predictable Functions -- 16 Inference for Variance-Covariance Parameters -- 17 Empirical BLUE and BLUP -- Index. 330 $aThis textbook presents a unified and rigorous approach to best linear unbiased estimation and prediction of parameters and random quantities in linear models, as well as other theory upon which much of the statistical methodology associated with linear models is based. The single most unique feature of the book is that each major concept or result is illustrated with one or more concrete examples or special cases. Commonly used methodologies based on the theory are presented in methodological interludes scattered throughout the book, along with a wealth of exercises that will benefit students and instructors alike. Generalized inverses are used throughout, so that the model matrix and various other matrices are not required to have full rank. Considerably more emphasis is given to estimability, partitioned analyses of variance, constrained least squares, effects of model misspecification, and most especially prediction than in many other textbooks on linear models. This book is intended for master and PhD students with a basic grasp of statistical theory, matrix algebra and applied regression analysis, and for instructors of linear models courses. Solutions to the book?s exercises are available in the companion volume Linear Model Theory - Exercises and Solutions by the same author. 606 $aStatistics 606 $aAlgebras, Linear 606 $aStatistical Theory and Methods 606 $aLinear Algebra 615 0$aStatistics. 615 0$aAlgebras, Linear. 615 14$aStatistical Theory and Methods. 615 24$aLinear Algebra. 676 $a519.5 700 $aZimmerman$b Dale L.$0845466 801 0$bMiAaPQ 801 1$bMiAaPQ 801 2$bMiAaPQ 906 $aBOOK 912 $a9910483080903321 996 $aLinear Model Theory$91887119 997 $aUNINA